000 00532nam a2200181Ia 4500
005 20250508161741.0
008 008 250505s9999 xx 000 0 eng d
037 _aTextual
040 _aFEDL
_beng
_cFEDL
041 _aeng
_2eng
084 _a378, POW
_qFEDL
100 _aPowell John R (et al....)
_9771497
245 0 _aPersonnel assistant in college residence halls
260 _aBoston, USA
_bHoughton Mifflin Company
_c1969
300 _axvii,215p.
942 _cTEXL
_h378, POW
999 _c1371880
_d1371880